[Event "GER CM04-C email"]
[Site "GER email"]
[Date "2017.06.26"]
[Round "?"]
[White "Zajsek, Franc"]
[Black "Sampieri, Maurizio"]
[Result "1/2-1/2"]
[WhiteElo "2342"]
[BlackElo "2362"]
[PlyCount "80"]
[EventDate "2017.??.??"]
[EventType "tourn (corr)"]
[EventRounds "10"]
[EventCountry "GER"]
[SourceTitle "Corr 2020"]
[Source "ChessBase"]
[SourceDate "2019.09.30"]
[SourceVersion "1"]
[SourceVersionDate "2019.09.30"]
[SourceQuality "1"]

1. e4 c5 2. Nf3 d6 3. d4 cxd4 4. Nxd4 Nf6 5. Nc3 a6 6. h3 e6 7. g4 h6 8. Bg2 Be7 9. f4 Nc6 10. Be3 Nd7 11. 0-0 Nxd4 12. Qxd4 0-0 13. Qd2 b5 14. e5 d5 15. Ne2 b4 16. Nd4 Bc5 17. a3 bxa3 18. b4 Ba7 19. Nc6 Bxe3+ 20. Qxe3 Qb6 21. Qxb6 Nxb6 22. Rxa3 Bd7 23. Nd4 Nc4 24. Ra2 Rfb8 25. Rb1 g5 26. fxg5 hxg5 27. Nf3 Kg7 28. Bf1 a5 29. Bxc4 dxc4 30. Kf2 Bc6 31. b5 f6 32. exf6+ Kxf6 33. Nd4 Bd5 34. Kg3 a4 35. Rba1 Ke5 36. Nc6+ Bxc6 37. bxc6 Rb4 38. c7 Rc8 39. Rxa4 Rxa4 40. Rxa4 Rxc7 1/2-1/2